000 00772nam a2200169 a 4500
008 170419s2016 ||||||||||||||||| || u
050 _aUNECE(058)AHL/2016
110 _aWorld Health Organization (WHO)
245 1 2 _aA health link: the protocol on water and health and the sustainable development goals
_cWorld health organisation (WHO)
260 _aGeneva
_bWorld Health Organization (WHO)
_c2016
300 _a16p.: ill.
650 _aWATER AND HEALTH-- PUBLIC PARTICIPATION-- GUIDE
650 _aSUSTAINABLE DEVELOPEMENT--UNITED NATIONS
650 0 _aSUSTAINABLE DEVELOPMENT
650 _aWATER QUALITY--MEASUREMENT
995 _FCBU-MAIN LIBRARY (Kitwe)
_M1
_UAVAILABLE
_WApr 20, 2017
_ZInternational Publications
999 _c45429
_d45429